000 00720nam a2200241Ia 4500
003 OSt
005 20220930192122.0
006 a|||||r|||| 00| 0
007 ta
008 220926b |||||||| |||| 00| 0 eng d
024 _a9787
037 _cDissertations
040 _aCRL
_cCRL
_beng
041 _2eng
_aeng
100 _aDhawan Saroj
_9560905
110 _aUniversity of Delhi. Faculty of Medical Sciences. Department of Botany
_9560906
245 0 _aStudies on the corticolous ascomucetes of Delhi
260 _c1967
650 _aBOTANY
700 _aUniversity of Delhi. Faculty of Medical Sciences. Department of Botany
_9560907
942 _cDIS
_2CC
999 _c894794
_d894794